Statistiques concernant François Hollande et sa présidence

Cliquez ici pour prendre le quiz!

Statistiques générales

  • Ce quiz a été pris 336 fois
  • Le résultat moyen est 13 sur 20

Statistiques - réponses

GroupeIndicesRéponses% Correct
PrésidenceParti politique lors de son électionParti socialiste
98%
PrésidenceAdversaire vaincu au second tourNicolas Sarkozy
97%
BiographieUniversité et écoles fréquentées (nommez-en une)Paris II | HEC | Sciences Po | ENA
91%
FamilleEx-conjointes (nommez-en une)Ségolène Royal | Valérie Trierweiler
85%
PrésidencePromesse sociale de campagne tenue en 2013 et portée par Christiane TaubiraMariage pour tous
84%
CitationsMoi, {Président} {de} {la} {République}, je ne traiterai pas mon premier ministre de collaborateur.
83%
BiographieCandidat de son bord auquel il n'apporta pas son soutien en 2017Benoît Hamon
74%
PrésidenceConférence sur le climat débouchant en 2016 sur la signature de l'accord de ParisCOP 21
73%
FamilleEpouseJulie Gayet
72%
PrésidencePremier Premier MinistreJean-Marc Ayrault
68%
PrésidenceDate des attentats entraînant la mise en place de l'état d'urgence13 novembre 2015
66%
BiographieCommune dont il fut maire pendant près de 7 ansTulle
66%
BiographieProfession de formationAvocat
65%
PrésidenceDès 2012, la question de la fermeture de cette centrale nucléaire du Haut-Rhin se poseFessenheim
62%
CitationsMon véritable adversaire, c'est le monde de {la} {finance}!
56%
BiographieFigure de la gauche qui fit de lui son porte-parole ainsi que celui de son partiLionel Jospin
54%
PrésidenceLoi laissant plus de libertés aux patrons dans l'organisation du temps de travail adoptée par 49.3Loi Travail El Khomri
49%
BibliographieBilan de sa présidence au vu des évènements qui la marquèrentLes Leçons du {pouvoir}
47%
BiographieJuridiction financière dans laquelle il travailla à partir de 1980Cour des comptes
30%
BibliographiePrésentation de son parcours en vu de la campagne de 2012{Changer} de destin
6%

Distribution des résultats

Percentile par nombre de réponses

% des personnes avec chaque résultat

Votre développement - résultats

Vous n’avez pas pris ce quiz